LEADER 00963nam0-22003251i-450- 001 990007051820403321 005 20060710141513.0 010 $a0-89130-250-6$bpbk. 035 $a000705182 035 $aFED01000705182 035 $a(Aleph)000705182FED01 035 $a000705182 100 $a20020227d1978----km-y0itay50------ba 101 0 $aeng 102 $aUS 105 $ay-------001yy 200 1 $aZosimos of Panopolis on the letter omega$fedited and translated by Howard M. Jackson 210 $aMissoula$cScholars Press$d1978 215 $aVII, 64 p.$d24 cm 225 1 $aGraeco-Roman religion series$v5 225 1 $aTexts and translation$v14 676 $a540.1$v20$zita 702 1$aJackson,$bHoward M. 801 0$aIT$bUNINA$gRICA$2UNIMARC 901 $aBK 912 $a990007051820403321 952 $aDirez. J-008$b1418 idr ddr$fDDR$m21-1815 959 $aDDR 996 $aZosimos of Panopolis on the letter omega$9708208 997 $aUNINA LEADER 01111nam--2200373---450- 001 990000568140203316 005 20050708102903.0 010 $a88-7106-002-4 035 $a0056814 035 $aUSA010056814 035 $a(ALEPH)000056814USA01 035 $a0056814 100 $a20010716d1988----km-y0itay0103----ba 101 $aita 102 $aIT 105 $a||||||||001yy 200 1 $aDal trasmettere del virus del dominio al comunicare della struttura creativa$fDanilo Dolci 210 $aMilano$cSonda$d1988 215 $a247 p.$d23 cm 410 $12001 606 0 $aComunicazione$xSaggi 676 $a302.2 700 1$aDOLCI,$bDanilo$032100 801 0$aIT$bsalbc$gISBD 912 $a990000568140203316 951 $aIV.1. 434(XV B 491)$b98659 LM$cXV B 959 $aBK 969 $aUMA 979 $aPATTY$b90$c20010716$lUSA01$h1749 979 $c20020403$lUSA01$h1706 979 $aPATRY$b90$c20040406$lUSA01$h1639 979 $aCOPAT1$b90$c20050708$lUSA01$h1029 996 $aDal trasmettere del virus del dominio al comunicare della struttura creativa$9883974 997 $aUNISA